000 00287nam a22001337a 4500
008 170616b xxu||||| |||| 00| 0 eng d
020 _a9780534604127
041 _aeng
080 _28TH
_a32
100 _a20
101 _aSHP
245 _aWORLD POLITICS
_cRUSSETT,B
942 _2udc
_cBK
999 _c17891
_d17891